| 000 | 00528nam a2200157 a 4500 | ||
|---|---|---|---|
| 001 | 000045535 | ||
| 005 | 20201002052313.0 | ||
| 008 | 150414s1997 dr r 000 0 spa d | ||
| 040 |
_aDO-SdBNP _bspa _cBNPHU |
||
| 082 |
_axxxx _bxxxx |
||
| 100 | 1 |
_aEscala, Miguel J. _917400 |
|
| 245 | 1 | 0 |
_aInteligencia emocional e inteligencia exitosa : _balgunas ideas para la práctica / _cMiguel J. Escala. |
| 260 |
_aSanto Domingo : _bAcción para la Educación Básica, _c1997. |
||
| 300 |
_a17 p. ; _c23 cm. |
||
| 590 | _aInventariado, 2019/BT | ||
| 999 |
_c45024 _d45024 |
||